Central Library OPAC University of Rajshahi

Fifty years of English literature, 1900-1950 : (Record no. 18121)

MARC details
000 -LEADER
fixed length control field 00795nam a22002292a 4500
001 - CONTROL NUMBER
control field 18121
003 - CONTROL NUMBER IDENTIFIER
rucl marc code BD-RjUL
005 - DATE AND TIME OF LATEST TRANSACTION
control field 20211209000235.0
008 - FIXED-LENGTH DATA ELEMENTS--GENERAL INFORMATION
fixed length control field 140219s1956 enk 000 0 eng d
035 ## - SYSTEM CONTROL NUMBER
System control number (BD-RjUL)18179
-- OCLC ocm24405148 from D951129M
040 ## - CATALOGING SOURCE
Original cataloging agency NYP
Transcribing agency NYP
Modifying agency EQO
-- BD-RjUL
Language of cataloging eng
041 ## - LANGUAGE CODE
Language code of text/sound track or separate title eng
082 00 - DEWEY DECIMAL CLASSIFICATION NUMBER
Classification number 820.904
Author mark and year SCF 1967
100 1# - MAIN ENTRY--PERSONAL NAME
Personal name Scott-James, R. A.
Fuller form of name (Rolfe Arnold),
Dates associated with a name 1878-
9 (RLIN) 53330
245 10 - TITLE STATEMENT
Title Fifty years of English literature, 1900-1950 :
Remainder of title with a postscript, 1951 to 1955 /
Statement of responsibility, etc. R. A. Scott-James.
250 ## - EDITION STATEMENT
Edition statement 2d ed.
260 ## - PUBLICATION, DISTRIBUTION, ETC. (IMPRINT)
Place of publication, distribution, etc. London ;
-- New York :
Name of publisher, distributor, etc. Longmans, Green,
Date of publication, distribution, etc. 1956 [impression 1967].
300 ## - PHYSICAL DESCRIPTION
Pagination xi, 282 p. ;
Size 23 cm.
504 ## - BIBLIOGRAPHY, ETC. NOTE
Bibliography, etc Includes index.
650 #0 - SUBJECT ADDED ENTRY--TOPICAL TERM
Topical term or geographic name as entry element English literature
Chronological subdivision 20th century
General subdivision History and criticism
9 (RLIN) 55220
942 ## - ADDED ENTRY ELEMENTS (KOHA)
Source of classification or shelving scheme Dewey Decimal Classification
Koha item type Books
Holdings
Lost status Source of classification or shelving scheme Damaged status Not for loan Collection code Permanent Location Current Location Shelving location Date acquired Source of acquisition Cost, normal purchase price Total Checkouts Full call number Date last seen Copy number Koha item type
  Dewey Decimal Classification     Non-fiction Central Library, University of Rajshahi Central Library, University of Rajshahi   31/10/1968 Zeitlinger 25.00   820.904 SCF 1967 19/02/2014 C-2 Books